<?xml version="1.0" encoding="UTF-8"?>
<record
    xmlns:xsi="http://www.w3.org/2001/XMLSchema-instance"
    xsi:schemaLocation="http://www.loc.gov/MARC21/slim http://www.loc.gov/standards/marcxml/schema/MARC21slim.xsd"
    xmlns="http://www.loc.gov/MARC21/slim">

  <leader>00679nam a22002297a 4500</leader>
  <datafield tag="999" ind1=" " ind2=" ">
    <subfield code="c">8838</subfield>
    <subfield code="d">8838</subfield>
  </datafield>
  <controlfield tag="001">WIIW0000165</controlfield>
  <controlfield tag="003">OSt</controlfield>
  <controlfield tag="005">20190802143112.0</controlfield>
  <controlfield tag="006">a|||||q|||||00| 0 </controlfield>
  <controlfield tag="008">190802t2019       |||||q|||||00| 0 eng d</controlfield>
  <datafield tag="020" ind1=" " ind2=" ">
    <subfield code="a">9781491978207</subfield>
  </datafield>
  <datafield tag="040" ind1=" " ind2=" ">
    <subfield code="c">OSt</subfield>
  </datafield>
  <datafield tag="041" ind1=" " ind2=" ">
    <subfield code="a">eng</subfield>
  </datafield>
  <datafield tag="100" ind1="1" ind2=" ">
    <subfield code="a">Rao, Delip</subfield>
    <subfield code="4">aut</subfield>
  </datafield>
  <datafield tag="245" ind1="1" ind2="0">
    <subfield code="a">Natural language processing with PyTorch</subfield>
    <subfield code="b">Build intelligent language applications using deep learning</subfield>
  </datafield>
  <datafield tag="250" ind1=" " ind2=" ">
    <subfield code="a">First edition</subfield>
  </datafield>
  <datafield tag="260" ind1="1" ind2=" ">
    <subfield code="a">Beijing</subfield>
    <subfield code="a">Boston</subfield>
    <subfield code="a">Farnham</subfield>
    <subfield code="a">Sebastopol</subfield>
    <subfield code="a">Tokyo</subfield>
    <subfield code="b">O'Reilly</subfield>
    <subfield code="c">February 2019</subfield>
  </datafield>
  <datafield tag="300" ind1=" " ind2=" ">
    <subfield code="a">XIII, 238 S.</subfield>
    <subfield code="b">Ill.</subfield>
  </datafield>
  <datafield tag="650" ind1=" " ind2=" ">
    <subfield code="a">Data Analyses &amp; Machine Learning</subfield>
  </datafield>
  <datafield tag="700" ind1="1" ind2=" ">
    <subfield code="a">McMahan, Brian</subfield>
    <subfield code="4">aut</subfield>
  </datafield>
  <datafield tag="942" ind1=" " ind2=" ">
    <subfield code="c">E</subfield>
  </datafield>
  <datafield tag="952" ind1=" " ind2=" ">
    <subfield code="0">0</subfield>
    <subfield code="1">0</subfield>
    <subfield code="4">0</subfield>
    <subfield code="7">0</subfield>
    <subfield code="a">BIB</subfield>
    <subfield code="b">BIB</subfield>
    <subfield code="c">5</subfield>
    <subfield code="d">2019-08-02</subfield>
    <subfield code="l">0</subfield>
    <subfield code="r">2019-08-02 00:00:00</subfield>
    <subfield code="w">2019-08-02</subfield>
    <subfield code="y">E</subfield>
  </datafield>
</record>
